000 01026nam a22002897a 4500
001 7032
003 FISKH
005 20250619100114.0
008 250619b cb ||||| |||| 00| 0 eng d
020 _a0590453882
040 _aDLC
_cDLC
_dDLC
_beng
050 _aQ164.C52
082 _a502.8
100 1 _aCobb, Vicki
_d(1938–2023)
245 1 0 _aScience experiments you can eat /
_cBy Vicki Cobb ; illustrated by Peter Lippman.
250 _aThis edition first published in 1991
260 _aNew York :
_bScholastic,
_c1972
300 _a127 pages :
_billustrations :
_c20 cm.
520 _aExperiments with food demonstrate various scientific principles and produce an eatable result. Includes fruit drinks, grape jelly, muffins, chop suey, yogurt, and junket.
650 0 _aScience
_xExperiments
_vJuvenile literature.
650 0 _aCooking
_vJuvenile literature.
650 1 _aScience
_xExperiments.
650 1 _aExperiments.
700 1 _aLippman, Peter
_eillustrator
942 _2ddc
_cBK
_n0
999 _c7032
_d7032